| LEADER |
00984nam0a2200205 450 |
| 001 |
16868245 |
| 010 |
|
|
|a 978-2-8129-3223-6Â
|b br.Â
|d 19,9 €Â
|
| 100 |
|
|
|a 20200609d2020 u u0frey01 baÂ
|
| 101 |
0 |
|
|a freÂ
|
| 102 |
|
|
|a FRÂ
|
| 200 |
0 |
|
|a Impasse des demoisellesÂ
|f Sylvie BaronÂ
|
| 207 |
|
1 |
|a Â
|
| 210 |
|
|
|a Romagnat (Puy-de-Dôme)Â
|c Ed. De BoréeÂ
|d 2020Â
|
| 215 |
|
|
|a 1 vol. (302 p.)Â
|d 24 x 16 cmÂ
|
| 225 |
1 |
|
|a RomansÂ
|x 1373-0800Â
|
| 330 |
|
|
|a A Chaudes Aigues, les ruines d'une ancienne tannerie sont devenues le terrain de jeux favori d'une bande d'adolescents. Mais la mort tragique d'Agnès met fin à leur complicité. Dix ans plus tard, Nine Larrige, partie à Paris après le drame, revient avec un projet de chambres d'hôtes sur le site de la tannerie et Agnès, que tout le monde croyait morte, refait surface.Â
|
| 700 |
|
0 |
|a BaronÂ
|b SylvieÂ
|4Â 70Â
|
| 900 |
|
|
|a RomanÂ
|
| 901 |
|
|
|a AdultesÂ
|
| 995 |
|
|
|a MédiathèqueÂ
|c MédiathèqueÂ
|f 00156010953883Â
|h 00156010953883Â
|k R BARÂ
|o pÂ
|q aÂ
|r azÂ
|e MédiathèqueÂ
|